Rethinking Afghanistan : Tsur 51. 5 : (Record no. 617175)

MARC details
000 -LEADER
fixed length control field 01036nam a2200181 a 4500
008 - FIXED-LENGTH DATA ELEMENTS--GENERAL INFORMATION
fixed length control field 260307s2009##################000#0#eng##
020 ## - INTERNATIONAL STANDARD BOOK NUMBER
ISBN 9780415498425
Paper back/Hardbound pbk
082 04 - DEWEY DECIMAL CLASSIFICATION NUMBER
Classification number 327
Item number SIM
100 1# - MAIN ENTRY--AUTHOR NAME
Personal name Simon, Steven
245 10 - TITLE STATEMENT
Title Rethinking Afghanistan : Tsur 51. 5 :
Statement of responsibility, etc /Steven Simon et all/..
260 ## - PUBLICATION, DISTRIBUTION, ETC. (IMPRINT)
Year of publication 2009.
Name of publisher Routledge
300 ## - PHYSICAL DESCRIPTION
Number of Pages 238p,;
Dimensions 28 cm.
504 ## - BIBLIOGRAPHY, ETC. NOTE
Bibliography, etc Includes index
520 ## - SUMMARY, ETC.
Summary, etc Survival, the IISS’s bimonthly journal, challenges conventional wisdom and brings fresh, often controversial, perspectives on strategic issues of the moment. With a diverse range of authors, thoughtful reviews and review essays, Survival is scholarly in depth while vivid, well-written and policy-relevant in approach. Shaped by its editors to be both timely and forward-thinking, the journal encourages writers to challenge conventional wisdom and bring fresh, often controversial, perspectives to bear on the strategic issues of the moment. October - November 2009.
650 #0 - SUBJECT ADDED ENTRY--TOPICAL TERM
Topical Term political science
942 ## - ADDED ENTRY ELEMENTS (KOHA)
Koha item type Reference
Holdings
Withdrawn status Lost status Damaged status Not for loan Home library Current library Shelving location Date acquired Full call number Accession Number Price effective from Koha item type
        Anna Centenary Library Anna Centenary Library 3RD FLOOR, B WING 07.03.2026 327 SIM 151488 07.03.2026 Reference

Find us on the map